000 00578nam a2200193 i 4500
001 149962
003 ES-MaACL
005 20250806062159.0
007 t|
008 071025s1947 sp ||||1| spa d
100 1 _aVander, Adrianus.
_9113059
245 1 0 _aMedicina natural
_b: moderna ciencia de curar /
_cpor Adr. Vander.
250 _a9ª ed.
260 _aBarcelona :
_b[s.n.],
_c1947 (
_fImp. Altés)
300 _a2 v. :
_bil. ;
_c29 cm.
650 0 7 _aMedicina natural
_2embne
_914931
852 _aES-MaACL
_jB-13796-7
_bR.23151
999 _c149962
_d149962